00757nam a22002177a 450000500170000001000150001702000220003203500130005403700130006708200080008010000270008824500890011526000480020427000270025230000290027965000300030865000310033894200220036999900170039195201310040820100818155654.0 aENG-100889 a8185883505c80.00 aEN-84422 bDBAD/PUB a270 aJyotirmayananda914984 aMysticism of the devi Mahatmya /bworship of the divine mother /cby Jyotirmayananda aGhaziabadbInternational Yoga Societyc2005 aLal Bagh, lonib201102 a225p.c22cm (Hb)ephotos aMysticism-Hinduism914985 aDurga (Hindu Acity)914986 2ddccENh270mJYO c42490d42490 001040718NFICaDBADbDBADd2010-08-18eDBAD/PUBg80.00l0o270 JYOpEN-84422r2010-08-18 00:00:00t1v80.00w2010-08-18yEN